| 000 | 01175nam0a2200325 4500 | ||
|---|---|---|---|
| 001 | RU\NLR\BIBL_A\012773434 | ||
| 005 | 20230417110843.0 | ||
| 010 |
_a978-5-6046542-6-2 _931 |
||
| 021 |
_aRU _bКН-П-22-001650 _9КН-П-22-0116 |
||
| 035 | _a(NLR Aleph) 012773434 | ||
| 035 | _a(RuMoRGB)010958913 | ||
| 090 |
_a13099998 _c13099998 |
||
| 100 | _a20220425d2021 u y0rusy50 ca | ||
| 101 | 0 | _arus | |
| 102 | _aRU | ||
| 105 | _ay|||z|||000by | ||
| 181 | 0 |
_ai4 _baxxe |
|
| 182 | 0 | _an | |
| 200 | 1 |
_aПоследние дни Геркуланума _eнебольшая пьеса для студенческого театра _fОльга Купер |
|
| 203 |
_aТекст _bвизуальный _cнепосредственный |
||
| 210 |
_aСанкт-Петербург _cГаланика _d2021 |
||
| 215 |
_a55 с. _d21 |
||
| 675 |
_a821.161.1-2 _v4 |
||
| 686 | 2 | _aШ6(2=Р)8-62 | |
| 700 | 1 |
_7ca _8rus _aКупер _bО. Г. _f1957- _gОльга Генриховна _9254958 _3RU\NLR\AUTH\770255014 |
|
| 942 | _cBOOK | ||
| 980 | _aNB | ||